The effects of fishing gear on post harvest fish losses among the artisenal fisheries: (Record no. 1966)
[ view plain ]
| 000 -LEADER | |
|---|---|
| fixed length control field | 00450nam a22001337a 4500 |
| 003 - CONTROL NUMBER IDENTIFIER | |
| control field | OSt |
| 005 - DATE AND TIME OF LATEST TRANSACTION | |
| control field | 20250905134304.0 |
| 008 - FIXED-LENGTH DATA ELEMENTS--GENERAL INFORMATION | |
| fixed length control field | 250905b |||||||| |||| 00| 0 eng d |
| 040 ## - CATALOGING SOURCE | |
| Transcribing agency | KMU |
| 100 ## - MAIN ENTRY--PERSONAL NAME | |
| Personal name | Lungu, Timothy |
| Relator term | Fisheries and Aquaculture |
| 245 ## - TITLE STATEMENT | |
| Title | The effects of fishing gear on post harvest fish losses among the artisenal fisheries: |
| Remainder of title | Case study of stratum I of Kafue fishery/ |
| Statement of responsibility, etc. | Timothy Lungu |
| 260 ## - PUBLICATION, DISTRIBUTION, ETC. | |
| Place of publication, distribution, etc. | Chinsali; |
| Name of publisher, distributor, etc. | KMU: |
| Date of publication, distribution, etc. | 2012 |
| 942 ## - ADDED ENTRY ELEMENTS (KOHA) | |
| Koha item type | Student Project Report |
| Suppress in OPAC | No |
No items available.